000 00645nam a2200157 a 4500
008 080402s1999 ||||||||||||||||| || u
050 _aIBRD-IFC(08)DP/38
100 _aNellis John
245 1 0 _aTime to rethink privatization in transition economics
260 _aWashington, D.C.
_bWorld Bank
_c1999
350 _a0.00
490 _aInternational Finance Corporation Discussion Papers
650 _aPRIVATIZATION--EUROPE, EASTERN
650 _aPRIVATIZATION--RUSSIA (FEDERATION)
995 _D0.00
_FCBU-MAIN LIBRARY (Kitwe)
_H1
_I0.00
_M1
_UAVAILABLE
_WApr 2, 2008
_ZInternational Publications
999 _c59926
_d59926